Bloom's biocritiques Mark Twain (Record no. 2382)

MARC details
000 -LEADER
fixed length control field 00498 a2200169 4500
001 - CONTROL NUMBER
control field 068731
003 - CONTROL NUMBER IDENTIFIER
control field OSt
005 - DATE AND TIME OF LATEST TRANSACTION
control field 20220312152203.0
008 - FIXED-LENGTH DATA ELEMENTS--GENERAL INFORMATION
fixed length control field
082 ## - DEWEY DECIMAL CLASSIFICATION NUMBER
Classification number 818.409
Item number B62B
245 1# - TITLE STATEMENT
Title Bloom's biocritiques Mark Twain
Statement of responsibility, etc edited by Harold Bloom
260 ## - PUBLICATION, DISTRIBUTION, ETC. (IMPRINT)
Place of publication, distribution, etc Philadelphia
Name of publisher, distributor, etc Chelsa House
Date of publication, distribution, etc 2003
300 ## - PHYSICAL DESCRIPTION
Extent 163p.
653 ## - INDEX TERM--UNCONTROLLED
Uncontrolled term Short story; Short story--Examinations; Twain, Mark, 1835-1910; Examinations
700 ## - ADDED ENTRY--PERSONAL NAME
Personal name Bloom, Harold
Relator term Editor
942 ## - ADDED ENTRY ELEMENTS (KOHA)
Source of classification or shelving scheme Dewey Decimal Classification
Koha item type Books
Holdings
Withdrawn status Lost status Source of classification or shelving scheme Damaged status Not for loan Collection code Home library Current library Date acquired Source of acquisition Cost, normal purchase price Total Checkouts Full call number Barcode Date last seen Price effective from Koha item type
    Dewey Decimal Classification     General Text Book Central University Of Rajasthan Central University Of Rajasthan 07/03/2012 ENG 727.79   818.409 B62B 3018 21/11/2024 02/09/2020 Books